| 000 | 01223nam0a22002651 4500 | ||
|---|---|---|---|
| 001 | rc\134842 | ||
| 005 | 20030307112250.2 | ||
| 010 |
_a5-230-00495-0 _9120 |
||
| 035 | _a(NLR Aleph) 005408218 | ||
| 090 |
_a7345669 _c7345669 |
||
| 100 | _a20030307d1995 u |0rusy50 ca | ||
| 101 | 0 | _arus | |
| 102 | _aRU | ||
| 105 | _aa ||||||||| | ||
| 200 | 1 |
_aСТРАТЕГИЯ экономического и организационного развития предприятий в условиях рынка _eМежвуз. сб. науч. тр. _fГос. ком. Рос. Федерации по высш. образованию. Воронеж. гос. техн. ун-т _g[Редкол.: засл. экономист РФ, д. э. н. О.Г. Туровец (отв. ред.) и др.] |
|
| 210 |
_aВоронеж _cВоронеж. гос. техн. ун-т _d1995 |
||
| 215 |
_a174 с. _cсхем. _d20 |
||
| 320 | _aБиблиогр. в конце ст. | ||
| 702 | 1 |
_aТуровец _bО. Г. _gОскар Григорьевич _4340 |
|
| 712 | 0 | 2 |
_aВоронежский техн. ун-т _3RU\NLR\AUTH\889932905 |
| 801 | 0 |
_aRU _bNLR _gpsbo |
|
| 801 | 1 |
_aRU _bELAR _2rusmarc |
|
| 852 |
_aNLR _j95-3/5673 |
||
| 942 | _cBOOK | ||
| 980 | _aNB | ||